| 000 | 00827nam a2200229 a 4500 | ||
|---|---|---|---|
| 001 | 59757 | ||
| 003 | BD-RjUL | ||
| 005 | 20211209080751.0 | ||
| 008 | 161227s1975 ii ||||| |||||00| 0 ben d | ||
| 020 | _c: IRs. 5.00 | ||
| 035 | _a(BD-RjUL)59881 | ||
| 040 |
_aBD-RjUL _bben _cBD-RjUL |
||
| 041 | _aben | ||
| 082 |
_223 _a891.441042 _bCHC 1975 |
||
| 100 |
_aচট্রোপাধ্যায়, শক্তি _9177750 |
||
| 245 | 1 | 0 |
_aচতুর্দশপদী কবিতা / _cশক্তি চট্রোপাধ্যায় |
| 260 |
_aকলকাতা: _bবিশ্ববাণী প্রকাশনী, _c১৯৭৫ |
||
| 300 |
_a[৪], ১০০ পৃ. ; _c২১ সেমি. |
||
| 650 |
_aবাংলা কবিতা _9179513 |
||
| 650 |
_aBengali Poetry _9179514 |
||
| 942 |
_2ddc _cRAR |
||
| 999 |
_c59757 _d59757 |
||